000 00790nam a2200241Ia 4500
001 17034
003 GE_BSU
008 181216s||||||||xx |||||||||||||| ||und||
040 _cGE_BSU
080 _a82-93:821.161.1-32
100 _aლიკსტანოვი, ი.
245 _aცეროდენა
245 _bმოთხრობა
245 _cთარგმნა შ. გვინჩიძემ.
260 _aთბილისი
260 _bსაბლიტგამი
260 _c1949
300 _a360გვ. : ილ., 1 ფურც. ილ. ; 23სმ
520 _aრუსული ტექნიკური ტერმინოლოგია
653 _aმოთხრობა
653 _aცეროდენა
942 _cBK
999 _c50096
_d50096